000 00399nam a2200133Ia 4500
003 GCL
008 140319s9999 xx 000 0 ara d
040 _aGCL /
_cGCL
082 0 4 _aط
_b813.088
_bم م
245 1 0 _aمن اسباب نزول القران الكريم: ايات لها حكايات , 2 ج
260 _a[S.N] :
_bدار الكتاب المصرى ،
_c1991
300 _a16 ص
490 _a
999 _c57268
_d57268